000 00607nam a22002297a 4500
001 14425
003 BD-JhCC
005 20251104124348.0
008 251104b |||||||| |||| 00| 0 eng d
020 _a9780141397245
035 _a(BD-JhCC) 14425
040 _aBD-JhCC
_dBD-JhCC
041 _aeng
082 _223
_a823.08738
_bNAS
100 _aNashe, Thomas
245 _aThe Terrors of the Night /
_cThomas Nashe
260 _aUK:
_bPenguin Little Black Classics,
_c2015
300 _a53p.;
_c17 cm.
490 _aPenguin Little Black Classics,
_v30
650 _aDemonic horrors
942 _2ddc
_cBK
999 _c14425
_d14425